Every 100,000+ City in Iran - Statistics

General Stats
  • This quiz has been taken 43 times
    21 since last reset
  • The average score is 30 of 129
Answer Stats
Letter Population City % Correct
I 3,684,075 Isfahan
100%
Q 1,401,013 Qom
100%
T 16,603,889 Tehran
100%
M 3,886,156 Mashhad
94%
S 1,803,355 Shiraz
94%
T 1,736,254 Tabriz
94%
A 1,331,889 Ahvaz
88%
K 1,119,045 Kermanshah
88%
K 738,664 Kerman
82%
B-A 701,047 Bandar Abbas
71%
K 2,041,547 Karaj
65%
R 758,817 Rasht
65%
U 861,341 Urmia
65%
Z 645,915 Zahedan
65%
Y 610,013 Yazd
59%
A 595,012 Arak
53%
A 614,154 Ardabil
53%
G 391,519 Gorgan
47%
H 627,094 Hamadan
47%
K 420,998 Khorramabad
47%
N 414,728 Nishapur
47%
Q 446,393 Qazvin
47%
S 482,774 Sanandaj
47%
S 339,050 Sari
47%
Z 511,283 Zanjan
47%
A 406,105 Abadan
41%
D 450,692 Dezful
41%
E 555,311 Eslamshahr
41%
Q 297,193 Qaemshahr
41%
S 350,482 Sabzevar
41%
B 284,770 Babol
35%
B 261,098 Birjand
35%
K 358,118 Kashan
35%
K 229,002 Khoy
35%
Q 357,518 Qods
35%
S 258,462 Saveh
35%
A 302,674 Amol
29%
B 261,190 Bushehr
29%
G 379,556 Golestan
29%
G-E-K 230,754 Gonbad-e Kavus
29%
S 240,881 Semnan
29%
S 244,650 Shahrekord
29%
S 288,034 Sirjan
29%
V 312,229 Varamin
29%
Z 256,140 Zabol
29%
B 254,106 Bukan
24%
I 330,043 Ilam
24%
N 332,007 Najafabad
24%
S 421,225 Shahriar
24%
Y 214,975 Yasuj
24%
B 157,396 Bam
18%
B-A 202,856 Bandar-e Anzali
18%
B 160,218 Baneh
18%
B 271,958 Borujerd
18%
I 155,023 Iranshahr
18%
I 189,640 Izeh
18%
L 168,443 Lahijan
18%
M 216,001 Mahabad
18%
M 184,425 Miandoab
18%
Q 253,834 Qarchak
18%
R 265,726 Rafsanjan
18%
S 109,924 Shirvan
18%
A 120,045 Ahar
12%
A 271,412 Andimeshk
12%
B-E-M 246,271 Bandar-e Mahshahr
12%
B 299,903 Bojnord
12%
C 182,497 Chabahar
12%
C 107,002 Chalus
12%
K 108,855 Kazerun
12%
K 324,905 Khomeynishahr
12%
K 330,606 Khorramshahr
12%
M 229,945 Malayer
12%
M 190,042 Marvdasht
12%
P 305,100 Pakdasht
12%
S 197,538 Shahreza
12%
S 210,294 Shahrud
12%
A 113,348 Aligudarz
6%
B 207,314 Behbahan
6%
B 120,096 Behshahr
6%
B 228,150 Bonab
6%
F 280,412 Fardis
6%
F 121,572 Fasa
6%
J 187,125 Jahrom
6%
J 208,874 Jiroft
6%
K 200,039 Kamalshahr
6%
K 171,942 Kashmar
6%
K 112,099 Kuhdasht
6%
M 310,823 Malard
6%
M 285,025 Maragheh
6%
M 246,831 Marand
6%
M 196,041 Marivan
6%
M/A 205,131 Meybod-Ardakan
6%
M 114,307 Miyaneh
6%
N 230,393 Nasimshahr
6%
N 213,770 Nazarabad
6%
P 102,372 Parsabad
6%
Q 120,035 Quchan
6%
S 112,496 Salmas
6%
S 201,198 Saqqez
6%
S 234,667 Shahinshahr
6%
S 131,878 Shushtar
6%
T-E-J 137,712 Torbat-e Jam
6%
A 123,907 Abhar
0%
A 111,977 Alvand
0%
A 176,062 Andisheh
0%
B 110,140 Baharestan
0%
B-G 104,049 Bandar Ganaveh
0%
B 157,662 Borazjan
0%
B 146,021 Bumahen
0%
D 101,442 Darab
0%
D/G 136,308 Dogonbadan
0%
D 144,501 Dorud
0%
E-E-G 124,550 Eslamabad-e Gharb
0%
F 104,962 Fuladshahr
0%
M-S 121,510 Masjed Soleyman
0%
M 103,882 Minab
0%
M 136,409 Mohammadiyeh
0%
M 145,928 Mohammadshahr
0%
N 100,993 Nahavand
0%
N 101,902 Naqadeh
0%
P 122,958 Parand
0%
P 140,030 Pardis
0%
P 150,211 Piranshahr
0%
Q 106,022 Qorveh
0%
R-K 125,393 Robat Karim
0%
S 122,226 Sadra
0%
S 104,890 Sahand
0%
S 133,034 Saravan
0%
T-E-H 224,626 Torbat-e Heydarieh
0%
No matching quizzes found
Score Distribution
Percent of People with Each Score
Percentile by Number Answered
Your Score History
You have not taken this quiz since the last reset